|
|
|
|
| LEADER |
00000nab a2200000uu 4500 |
| 001 |
vtls010878627 |
| 003 |
SK-MaSNL |
| 005 |
20260303191051.0 |
| 008 |
230303|2008 xo |||||||||||||||||eng| |
| 015 |
|
|
|a SNBRB
|
| 035 |
|
|
|a (urnnbn)urn:nbn:sk:snk:ar-005vcv
|
| 035 |
|
|
|a (uuid)3873dae1-eb3c-4e6e-968c-61d2080c719d
|
| 035 |
|
|
|a urn:nbn:sk:snk-ab7mrt
|
| 040 |
|
|
|a SNKBUCL
|b slo
|c SNKBUCL
|e AACR2
|
| 041 |
0 |
|
|a eng
|
| 044 |
|
|
|a xo
|c SK
|
| 100 |
1 |
|
|a Kabelac, Stephan
|4 aut
|9 1220080
|
| 245 |
1 |
0 |
|a Heat transfer coefficient and pressure drop during refrigerant R-134a condensation in a plate heat exchanger
|c Stephan Kabelac, Emila M. Djordjević, Slobodan P. Šerbanović
|
| 700 |
1 |
|
|a Djordjević, Emila M.
|4 aut
|9 1220081
|
| 700 |
1 |
|
|a Šerbanović, Slobodan P.
|4 aut
|9 1220082
|
| 773 |
0 |
|
|t Chemical papers
|g Roč. 62, č. 1 (2008), s. [78]-85
|
| 958 |
|
|
|a OND
|
| 958 |
|
|
|a EUIPO
|
| 958 |
|
|
|a article8
|
| 999 |
|
|
|c 2139321
|d 2141251
|